Psychological foundations of musical behavior (Record no. 16143)

MARC details
000 -LEADER
fixed length control field 00593nam a22001817a 4500
008 - FIXED-LENGTH DATA ELEMENTS--GENERAL INFORMATION
fixed length control field 161005b xxu||||| |||| 00| 0 eng d
020 ## - INTERNATIONAL STANDARD BOOK NUMBER
International Standard Book Number 0398088040
040 ## - CATALOGING SOURCE
Original cataloging agency KABU
Transcribing agency KABU
050 ## - LIBRARY OF CONGRESS CALL NUMBER
Classification number ML3830
Item number .R33 .R33 2012 C.1
100 ## - MAIN ENTRY--PERSONAL NAME
Personal name Radocy, Rudolf
245 ## - TITLE STATEMENT
Title Psychological foundations of musical behavior
Statement of responsibility, etc. by Rudolf E. Radocy and J. David Boyle
250 ## - EDITION STATEMENT
Edition statement 5th ed.
260 ## - PUBLICATION, DISTRIBUTION, ETC. (IMPRINT)
Place of publication, distribution, etc. USA
Name of publisher, distributor, etc. Charles C Thomas
Date of publication, distribution, etc. 2012
300 ## - PHYSICAL DESCRIPTION
Extent xiv, 505 p.
650 ## - SUBJECT ADDED ENTRY--TOPICAL TERM
Source of heading or term Music
General subdivision Psychological aspects
700 ## - ADDED ENTRY--PERSONAL NAME
Personal name Boyle, J. David
942 ## - ADDED ENTRY ELEMENTS (KOHA)
Source of classification or shelving scheme Library of Congress Classification
Koha item type General Collection
Edition 5th ed.
Classification part ML3830 .R33 2012 C.1
Holdings
Withdrawn status Lost status Source of classification or shelving scheme Not for loan Home library Current library Shelving location Date acquired Cost, normal purchase price Total Checkouts Full call number Barcode Date last seen Copy number Price effective from Koha item type
    Library of Congress Classification   Kabarak, Main Campus Kabarak, Main Campus General Stacks 05/10/2016 5995.00   ML3830 .R33 2012 C.1 026847 05/10/2016 C.1 05/10/2016 General Collection
Designed with assistance from East African Informatics Ltd